000 01067cab a2200217 4500
001 X2537
008 090401t1995 xxu||||| |||| 00| 0 eng d
035 _a(Sirsi) u24875
041 _aeng
245 _aR v Sevenoaks DC ex parte Palley
260 _c1995
350 _a0
490 _aJournal of Planning and Environment Law
_v1995 JPL 915-925(10)
520 _aQBD 29 July 1994. Erection of glasshouses - Part 6 of the G.D.O. 1988 - determination in 1992, decision not to enforce 1994 - whether land was `agricultural land` - insufficient evidence considered by local authority - prior approval to siting, design and external appearance - requirement to plant trees - expectation planting would occur - 1992 determination quashed - insufficient evidence to base enforcement determination - application allowed.
650 _aPROPERTY-RURAL AND NATURAL ASSETS-AGRICULTURAL PROPERTY-AGRICULTURAL LAND
650 _aGENERAL DEVELOPMENT ORDER
650 _aTREE PLANTING
690 _aPLANNING LAW AND PRACTICE-CASE LAW
942 _n0
948 _c04/03/1997
999 _c16685
_d16685